000 00486nam a2200169Ia 4500
999 _c26348
_d26348
003 OSt
005 20210101122149.0
008 190216s9999||||xx |||||||||||||| ||und||
040 _coclc
082 _a954.83
_bKRI/K
100 _aKrishnapillai
_98077
245 0 _aKairaliyude Katha /
_cKrishnapillai
260 _bSahithya Pravarthaka Sahakarana Sangam,
_aKottayam:
300 _a500p
650 _aSahithyam
942 _cBK
_2ddc
_h954.83
_iKRI/K
_k954.83
_mKRI/K